| 000 | 01229nam a2200289 4500 | ||
|---|---|---|---|
| 003 | NUST | ||
| 005 | 20260508093528.0 | ||
| 008 | 260424b |||||||| |||| 00| 0 eng d | ||
| 040 |
_aNUST _beng _cNUST _dNUST _erda |
||
| 050 | _aLB1028.3 NCU | ||
| 100 |
_aNcube, Florence. _eauthor. |
||
| 245 |
_a Use of ICTs to enhance knowledge management amongst lecturers at the National University of Science and Technology / _cby Florence Ncube. |
||
| 260 |
_aBulawayo, Zimbabwe : _bNational University of Science and Technology , _c©2019. |
||
| 300 |
_axii, 74 pages : _cillustrations; _b30 cm. |
||
| 336 |
_2rdacontent _atext _btxt |
||
| 337 |
_2rdamedia _aunmediated _bn |
||
| 338 |
_2rdacarrier _avolume _bnc |
||
| 500 | _aA research project submitted to the National University of Science and Technology in partial fufilment of the Master of Science degree in Records and Archives Management. | ||
| 501 | _00m | ||
| 504 | _aIncludes bibliographical references. | ||
| 650 | _aInformation and Communication Technologies (ICTs). | ||
| 650 | _aKnowledge Management. | ||
| 650 | _aHigher Education. | ||
| 650 | _aUniversity Lecturers. | ||
| 700 |
_aDr P. Dewah. _esupervisor. |
||
| 942 |
_2lcc _n0 _c3HOUR _h LB1028.3 _kLB _mNCU |
||
| 999 |
_c172779 _d172779 |
||